| 000 | 00433nam a2200181Ia 4500 | ||
|---|---|---|---|
| 008 | 090124s9999 xx 000 0 und d | ||
| 082 | _b41059 | ||
| 100 | _aZELENIN V. | ||
| 245 | _aSTRENGTHEN YOUR HEART | ||
| 250 | _a0 | ||
| 260 |
_bMIR PUBLISHERS MOSCOW _c1979 |
||
| 300 | _a109 | ||
| 600 | _aZELENIN V. | ||
| 630 | _aSTRENGTHEN YOUR HEART | ||
| 700 | _aZELENIN V. | ||
| 730 | _aSTRENGTHEN YOUR HEART | ||
| 942 | _cBOOK | ||
| 999 |
_c107213 _d107213 |
||